Normal view
MARC view
Entry Topical Term
001 - CONTROL NUMBER
- control field: 1117
003 - CONTROL NUMBER IDENTIFIER
- control field: BD-RjUL
005 - DATE AND TIME OF LATEST TRANSACTION
- control field: 20220203121702.0
008 - FIXED-LENGTH DATA ELEMENTS
- fixed length control field: 220203|| aca||aabn | a|a d
040 ## - CATALOGING SOURCE
- Original cataloging agency: BD-RjUL
- Transcribing agency: BD-RjUL
150 ## - HEADING--TOPICAL TERM
- Topical term or geographic name entry element: Arabic poetry
- Form subdivision: History and criticism
- Chronological subdivision: Early works to 1800
670 ## - SOURCE DATA FOUND
- Source citation: Work cat.: (BD-RjUL)38996: التبريزي، يحيى بن علي بن محمد، ; ;; -altabrizi, yahyaa bn ealiin bn muhamad,;) (421-502 هـ) 1116, شرح مقصورة ابن دريد ;; Sharḥ Maqṣūrat Ibn Durayd /, 1961.